Rice-wheat system and income inequality in rural Punjab (Record no. 68369)

000 -LEADER
fixed length control field 00464pab a2200169 454500
008 - FIXED-LENGTH DATA ELEMENTS--GENERAL INFORMATION
fixed length control field 180718b2005 xxu||||| |||| 00| 0 eng d
100 ## - MAIN ENTRY--PERSONAL NAME
Personal name Kaur, Manjeet
245 ## - TITLE STATEMENT
Title Rice-wheat system and income inequality in rural Punjab
260 ## - PUBLICATION, DISTRIBUTION, ETC.
Date of publication, distribution, etc. 2005
300 ## - PHYSICAL DESCRIPTION
Extent p.759-63.
362 ## - DATES OF PUBLICATION AND/OR SEQUENTIAL DESIGNATION
Dates of publication and/or sequential designation Feb
650 ## - SUBJECT ADDED ENTRY--TOPICAL TERM
Topical term or geographic name entry element Income distribution - India - Punjab
650 ## - SUBJECT ADDED ENTRY--TOPICAL TERM
Topical term or geographic name entry element Income distribution
700 ## - ADDED ENTRY--PERSONAL NAME
Personal name Sekhon, M.K.
773 ## - HOST ITEM ENTRY
Main entry heading Agricultural Situation in India
909 ## -
-- 68369
Holdings
Withdrawn status Lost status Damaged status Not for loan Permanent Location Current Location Date acquired Serial Enumeration / chronology Barcode Date last seen Price effective from Koha item type
        Indian Institute of Public Administration Indian Institute of Public Administration 2018-07-19 Volume no: 61, Issue no: 11 AR68825 2018-07-19 2018-07-19 Articles

Powered by Koha